Cuadernos de pedagogía religiosa. (Record no. 185890)
[ view plain ]
| 000 -LEADER | |
|---|---|
| campo de control de longitud fija | 01297nam a2200205 i 4500 |
| 001 - NÚMERO DE CONTROL | |
| campo de control | 185890 |
| 003 - IDENTIFICADOR DE NÚMERO DE CONTROL | |
| campo de control | ES-MaACL |
| 005 - FECHA Y HORA DE LA ÚLTIMA TRANSACCIÓN | |
| campo de control | 20250929063305.0 |
| 008 - DATOS DE LONGITUD FIJA--INFORMACIÓN GENERAL | |
| campo de control de longitud fija | 160819s1966 sp |||| | spa d |
| 100 1# - ENTRADA PRINCIPAL--NOMBRE DE PERSONA | |
| Nombre de persona | Babin, Pierre, |
| Fechas asociadas al nombre | 1925-2012 |
| 9 (RLIN) | 24418 |
| 245 10 - MENCIÓN DEL TÍTULO | |
| Título | Cuadernos de pedagogía religiosa. |
| Nombre de parte o sección de la obra | Adolescentes / |
| Mención de responsabilidad, etc. | P. Babin. |
| 250 ## - MENCION DE EDICION | |
| Mención de edición | [2ª ed.]. |
| 260 ## - PUBLICACIÓN, DISTRIBUCIÓN, ETC. | |
| Lugar de publicación, distribución, etc. | Madrid : |
| Nombre del editor, distribuidor, etc. | Apostolado de la Prensa, |
| Fecha de publicación, distribución, etc. | 1966. |
| 300 ## - DESCRIPCIÓN FÍSICA | |
| Extensión | 1 v. ; |
| Dimensiones | 23 cm. |
| 505 8# - NOTA DE CONTENIDO CON FORMATO | |
| Nota de contenido con formato | Contiene: 1. Para una catequesis de los jóvenes de hoy -- 2-4. Itinerario de una catequesis para los jóvenes de hoy (1ª-3ª parte) -- 5. La libertad. Respuesta cristiana del hombre invitado por Dios al diálogo -- 6. La educación para la acción apostólica -- 7. La penitencia: sacramento del perdón de Dios y de la conversión del hombre -- 8. Los Profetas Isaías y Jeremías educadores de adolescentes -- 9-11. Caminando hacia Cristo (1ª-3ª parte) -- 12. Para leer en espíritu de fe la literatura contemporánea -- 13. Verdad y mentira de las canciones de amor -- 14-16. Cristo en su Iglesia (1ª-3ª parte) -- 17. ¿Qué lugar ocupa Dios en nuestra amistad? |
| 597 ## - NOTA DE DESCRIPCIÓN FÍSICA | |
| NOTA DE DESCRIPCIÓN FÍSICA | Contiene 17 fascículos. |
| 650 #7 - PUNTO DE ACCESO ADICIONAL DE MATERIA--TÉRMINO DE MATERIA | |
| Término de materia o nombre geográfico como elemento de entrada | Educación cristiana de adolescentes |
| Fuente del encabezamiento o término | embne |
| 9 (RLIN) | 160509 |
| 852 ## - LOCALIZACIÓN | |
| Ubicación | ES-MaACL |
| Número de control de estantería | C-30835 |
| Estatus retirado | Estado de pérdida | Estado de daño | No para préstamo | Biblioteca de origen | Biblioteca actual | Ubicación en estantería | Fecha de adquisición | Fuente de adquisición | Total de préstamos | Signatura topográfica completa | Código de barras | Visto por última vez | Precio de reemplazo | Tipo de ítem Koha |
|---|---|---|---|---|---|---|---|---|---|---|---|---|---|---|
| Biblioteca del Ateneo de Madrid | Biblioteca del Ateneo de Madrid | Depósito 2 | 19/08/2016 | E-30835 | 1195950 | 23/02/2023 | 23/02/2023 | Libro impreso |
